| 000 | 00547nam a2200193Ia 4500 | ||
|---|---|---|---|
| 005 | 20250923145433.0 | ||
| 008 | 008 250917s9999 xx 000 0 eng d | ||
| 037 | _aTextual | ||
| 040 |
_aDSWL _beng _cDSWL |
||
| 041 |
_aeng _2eng |
||
| 084 |
_aYx;5-x7x56, N76;1 _qDSWL |
||
| 245 | 0 |
_aTraditions of social policy _c Ed.by A.H.Hasley |
|
| 260 |
_aOxford _bBasil Blackwall _c1976 |
||
| 300 | _avii,285 p. | ||
| 365 |
_aINR _b104.6 |
||
| 925 | _g104.6 | ||
| 942 |
_cTEXL _hYx;5-x7x56, N76;1 |
||
| 999 |
_c1451351 _d1451351 |
||